Máy điện : Dùng cho các trường đại học và cao đẳng. Tập 1

Na minha lista:
Detalhes bibliográficos
Autor principal:  Bùi Đức Hùng
Formato: Sách
Idioma:Undetermined
Publicado em:  Giáo dục Việt Nam  2009
Assuntos:
Tags: Adicionar Tag
Sem tags, seja o primeiro a adicionar uma tag!
Thư viện lưu trữ: Trung tâm Thư viện - Trường Đại học Công nghiệp TP. Hồ Chí Minh
LEADER 00556nam a2200157Ia 4500
001 UIH_03451
008 231011s9999 xx 000 0 und d
082 |a  621.31042 
100 |a  Bùi Đức Hùng 
245 0 |a  Máy điện : Dùng cho các trường đại học và cao đẳng. Tập 1 
245 0 |c  Bùi Đức Hùng 
260 |b  Giáo dục Việt Nam 
260 |c  2009 
650 |a  Máy điện;  
927 |a Sách 
980 |a Trung tâm Thư viện - Trường Đại học Công nghiệp TP. Hồ Chí Minh